000 00369 a2200169 4500
001 49301
020 _a8526232045
040 _cAnchieta - Bela Vista
100 _aGalasso, Lô
240 1 0 _aHistória cabeluda
_lpor
245 1 0 _aHistória cabeluda
300 _a11
362 0 _a1997
440 1 _aScipione
650 4 _aLiteratura infanto-juvenil
942 _cBK
999 _c49301
_d49301